Foundations of experimental research (Record no. 1352440)

MARC details
000 -LEADER
fixed length control field 00615nam a2200205Ia 4500
005 - DATE AND TIME OF LATEST TRANSACTION
control field 20250508154838.0
008 - FIXED-LENGTH DATA ELEMENTS--GENERAL INFORMATION
fixed length control field 008 250505s9999 xx 000 0 eng d
037 ## - SOURCE OF ACQUISITION
Stock number Textual
040 ## - CATALOGING SOURCE
Original cataloging agency FEDL
Language of cataloging eng
Transcribing agency FEDL
041 ## - LANGUAGE CODE
Language code of text/sound track or separate title eng
Source of code eng
084 ## - COLON CLASSIFICATION NUMBER
Classification number 001.434, PLU
Assigning agency FEDL
100 ## - MAIN ENTRY--PERSONAL NAME
Personal name Plutchik Robert
245 #0 - TITLE STATEMENT
Title Foundations of experimental research
260 ## - PUBLICATION, DISTRIBUTION, ETC.
Place of publication, distribution, etc. New York, USA
Name of publisher, distributor, etc. Harper and Row Publishers
Date of publication, distribution, etc. 1968
300 ## - PHYSICAL DESCRIPTION
Extent xiii,290p
490 ## - SERIES STATEMENT
Series statement Harper's experimental psychology series
650 ## - SUBJECT ADDED ENTRY--TOPICAL TERM
Topical term or geographic name entry element Experimental Method
9 (RLIN) 761721
942 ## - ADDED ENTRY ELEMENTS (KOHA)
Koha item type Textual
Classification part 001.434, PLU
Holdings
Withdrawn status Lost status Damaged status Not for loan Home library Current library Date acquired Total Checkouts Full call number Barcode Date last seen Price effective from Koha item type
        Department of Education Library Department of Education Library 2025-05-08   001.434, PLU EL0036741 2025-05-08 2025-05-08 Textual
Copyright @ Delhi University Library System